Fluids and electrolytes
Bewaard in:
| Hoofdauteur: | |
|---|---|
| Formaat: | Boek |
| Taal: | Undetermined |
| Gepubliceerd in: |
Philadelphia
Saunders
1986
|
| Onderwerpen: | |
| Tags: |
Voeg label toe
Geen labels, Wees de eerste die dit record labelt!
|
| Thư viện lưu trữ: | Trung tâm Học liệu Trường Đại học Cần Thơ |
|---|
| LEADER | 00562nam a2200181Ia 4500 | ||
|---|---|---|---|
| 001 | CTU_125774 | ||
| 008 | 210402s9999 xx 000 0 und d | ||
| 082 | |a 616.39 | ||
| 082 | |b K75 | ||
| 100 | |a Kokko, Juha P. | ||
| 245 | 0 | |a Fluids and electrolytes | |
| 245 | 0 | |c Juha P. Kokko, Richard L. Tannen | |
| 260 | |a Philadelphia | ||
| 260 | |b Saunders | ||
| 260 | |c 1986 | ||
| 650 | |a Body fluid disorders,Water-electrolyte imbalances,Acid-Base Imbalance,Water-Electrolyte Imbalance | ||
| 904 | |i Hiếu | ||
| 980 | |a Trung tâm Học liệu Trường Đại học Cần Thơ | ||